Nueva especie de Opistognathus (<Pisces: Perciformes>) para la isla de Gorgona (<Pacífico Colombiano>) (Registro nro. 14335)

Detalles MARC
000 -CABECERA
Campo de control 003820000a22001210004500
090 ## - CLASIFICACIÓN LOCAL
Colección AS
Consecutivo Seriadas
041 0# - IDIOMA
Código de idioma para texto/pista de sonido o título separado
100 1# - ASIENTO PRINCIPAL--NOMBRE PERSONAL
Nombre personal Acero P., Arturo
245 10 - MENCION DE TITULO
Título Nueva especie de Opistognathus (<Pisces: Perciformes>) para la isla de Gorgona (<Pacífico Colombiano>)
700 1# - ASIENTO SECUNDARIO - NOMBRE PERSONAL
Nombre personal Franke, Rebeca
773 1# - Item fuente:
Título Caldasia
Especificación de materiales 45
Descripción física 2
Paginas del Articulo 291-293
Lugar, editorial y fecha de publicación 1993
Información sobre la relación 17
942 ## - ELEMENTOS ADICIONALES (KOHA)
Tipo de ítem Artículo

No hay ítems disponibles.